000 00867cam a2200289 a 4500
001 000016048
005 20260127115453.0
008 910215s1993 sp b 000 0 spa
020 _a8423973107
040 _aDO-SdBNP
_bspa
_cDLC
_dBNPHU
082 _a179.9
_bC199v, 1993
100 1 _aCamps, Victoria.
_915732
245 1 0 _aVirtudes públicas /
_cVictoria Camps; editora, Pilar Cortés.
250 _a2a ed.
260 _aMadrid, España :
_bEspasa Calpe,
_c1993.
300 _a204 p. ;
_c17 cm.
490 1 _aAustral
_v310
490 1 _aPensamiento / Contemporáneos
650 0 _aVirtudes
_924299
650 4 _aVirtud
_936018
650 0 _aÉtica
_9509
650 4 _aTolerancia
_933102
700 1 _aCortés, Pilar,
_eed.
_936019
830 0 _aAustral
_pPensamiento/Contemporáneos
_v310
_936020
910 _aCatalogación por copia / LC
049 _aBNGR
999 _c15589
_d15589